Stolice Australii i Oceanii - Quiz na mapie - Statystyki

Ogólne statystyki
  • Ten quiz został rozwiązany 26 razy
  • Średni wynik to 8 z 14
Odpowiedzi na mapie
Odpowiedzi zakodowano w zielono-czerwonej skali na mapie do tego quizu, zgodnie z poniższymi procentami.
 
Statystyki odpowiedzi
Odpowiedź % Poprawnych
Canberra
100%
Wellington
100%
Port Moresby
73%
Ngerulmud
64%
Apia
55%
Honiara
55%
Majuro
55%
Nukuʻalofa
45%
Palikir
45%
Port Vila
45%
Suva
45%
Tarawa Południowa
36%
Yaren (de facto)
36%
Funafuti
27%
Nie znaleziono quizów pasujących do podanych kryteriów
Rozkład punktacji
Procent ludzi z każdym wynikiem
Percentyl według liczby udzielonych odpowiedzi
Twoja historia wyników
Nie rozwiązałeś tego quizu